000 00533nam a22001697a 4500
020 _a9780070139381
082 _a621.381043 OLI
100 _aOliver, Bernard M.
245 _aElectronic measurements and instrumentation.
260 _aNew Delhi, India
_bMcGraw Hill
_c1971
300 _axviii, 729 p.
_bill. ;
490 _aInter-university electronics series, v. 12
500 _aIncludes bibliographical references.
650 _a1. Electronic measurements. 2. Electronic instruments.
700 _aCage, John M.
942 _cBK
999 _c12622
_d12622